Kálmánfi Béla Művelődési Ház és Könyvtár
| Szerző: | |
|---|---|
| További közreműködők: | |
| Dokumentumtípus: | Diplomadolgozat |
| Kulcsszavak: | intézmény könyvtár közművelődés község művelődés |
| Online Access: | http://dolgozattar.uni-bge.hu/60185 |
MARC
| LEADER | 00000nta a2200000 i 4500 | ||
|---|---|---|---|
| 001 | dolg60185 | ||
| 005 | 20260409150112.0 | ||
| 008 | 260409suuuu hu om 000 hun d | ||
| 040 | |a BGE Dolgozattár Repozitórium |b hun | ||
| 041 | |a hu | ||
| 100 | 1 | |a Csordás Csenge | |
| 245 | 1 | 0 | |a Kálmánfi Béla Művelődési Ház és Könyvtár |c Csordás Csenge |h [elektronikus dokumentum] |
| 520 | 3 | |a A Kálmánfi Béla Művelődési Ház és Könyvtár egy Piliscséven megtalálható kulturális intézmény. Ez az egyetlen közművelődési intézmény a faluban, így nagy szerepe van a helyi közösségfejlesztésben. Én itt dolgozóként azért választottam ezt a témát, mert szerettem volna egy egybefüggő dolgozatot írni a munkásságunkról, ismertetni az intézményben folyó munkánkat, részletesebben bemutatni a Nemzeti Művelődési Intézet által támogatott szakköreinket, és ezzel kapcsolatosan jött létre a kutatásom is. | |
| 695 | |a intézmény | ||
| 695 | |a könyvtár | ||
| 695 | |a közművelődés | ||
| 695 | |a község | ||
| 695 | |a művelődés | ||
| 700 | 1 | |a Czipperer Zsófia Petra |e ths | |
| 700 | 1 | |a Petõ Lilla |e ths | |
| 856 | 4 | 0 | |u http://dolgozattar.uni-bge.hu/60185/1/Csord%C3%A1s%20Csenge-K%C3%A1lm%C3%A1nfi%20B%C3%A9la%20M%C5%B1vel%C5%91d%C3%A9si%20H%C3%A1z%20%C3%A9s%20K%C3%B6nyvt%C3%A1r-%20szakdolgozat.pdf |z Dokumentum-elérés |
| 856 | 4 | 0 | |u http://dolgozattar.uni-bge.hu/60185/2/Csord%C3%A1s%20Csenge_b%C3%ADr%C3%A1lat.pdf |z Dokumentum-elérés |
| 856 | 4 | 0 | |u http://dolgozattar.uni-bge.hu/60185/3/Csord%C3%A1s%20Csenge.pdf |z Dokumentum-elérés |